Los pesos atómicos en 1917 / (Record no. 185612)

MARC details
000 -LEADER
campo de control de longitud fija 00880nam a2200217 i 4500
001 - NÚMERO DE CONTROL
campo de control 185612
003 - IDENTIFICADOR DE NÚMERO DE CONTROL
campo de control ES-MaACL
005 - FECHA Y HORA DE LA ÚLTIMA TRANSACCIÓN
campo de control 20250815112208.0
008 - DATOS DE LONGITUD FIJA--INFORMACIÓN GENERAL
campo de control de longitud fija 160728s1918 sp |||| | spa d
100 1# - ENTRADA PRINCIPAL--NOMBRE DE PERSONA
Nombre de persona Moles, Enrique (
Fechas asociadas al nombre 1883-1953)
9 (RLIN) 81864
245 14 - MENCIÓN DEL TÍTULO
Título Los pesos atómicos en 1917 /
Mención de responsabilidad, etc. por E. Moles.
260 ## - PUBLICACIÓN, DISTRIBUCIÓN, ETC.
Lugar de publicación, distribución, etc. Madrid :
Nombre del editor, distribuidor, etc. Junta para Ampliación de Estudios e Investigaciones Científicas, Instituto Nacional de Ciencias,
Fecha de publicación, distribución, etc. 1918.
300 ## - DESCRIPCIÓN FÍSICA
Extensión 31 p. ;
Dimensiones 22 cm.
490 1# - MENCIÓN DE SERIE
Mención de serie Trabajos del Laboratorio de Investigaciones Físicas. Memorias de información ;
Designación de volumen o secuencia 3
650 #4 - PUNTO DE ACCESO ADICIONAL DE MATERIA--TÉRMINO DE MATERIA
Término de materia o nombre geográfico como elemento de entrada Pesos atómicos.
9 (RLIN) 172953
650 #7 - PUNTO DE ACCESO ADICIONAL DE MATERIA--TÉRMINO DE MATERIA
Término de materia o nombre geográfico como elemento de entrada Química física
Fuente del encabezamiento o término embne
9 (RLIN) 136798
710 2# - ENTRADA AGREGADA--NOMBRE DE ENTIDAD CORPORATIVA
Nombre de entidad corporativa o nombre de jurisdicción como elemento de entrada Instituto Nacional de Ciencias Físico-Naturales.
9 (RLIN) 5145
830 10 - PUNTO DE ACCESO ADICIONAL DE SERIE-TÍTULO UNIFORME
Título uniforme Trabajos del Laboratorio de Investigaciones Físicas
Designación de volumen o secuencia 3
9 (RLIN) 192351
852 4# - LOCALIZACIÓN
Ubicación ES-MaACL
Número de control de estantería B-13198(3)
Holdings
Estatus retirado Estado de pérdida Estado de daño No para préstamo Biblioteca de origen Biblioteca actual Ubicación en estantería Fecha de adquisición Fuente de adquisición Total de préstamos Signatura topográfica completa Código de barras Visto por última vez Precio de reemplazo Tipo de ítem Koha
        Biblioteca del Ateneo de Madrid Biblioteca del Ateneo de Madrid Sala Pardo Bazán 28/07/2016     B-13198(3) 1195659 23/02/2023 23/02/2023 Libro impreso